[Event "Ontario Closed w"]
[Site "Toronto CAN"]
[Date "2023.07.02"]
[Round "4.28"]
[White "Li, Sarina"]
[Black "Yang, Lucy"]
[Result "1/2-1/2"]
[WhiteElo "1005"]
[BlackElo "1384"]
[PlyCount "92"]
[EventDate "2023.06.30"]
[EventType "swiss"]
[EventRounds "7"]
[EventCountry "CAN"]

1. e4 c5 2. Nf3 Nc6 3. Nc3 d6 4. Bc4 Nf6 5. O-O Bg4 6. h3 Bh5 7. g4 Bg6 8. d3
e6 9. Bg5 h6 10. Bh4 h5 11. g5 Nd7 12. Bg3 h4 13. Nxh4 Qxg5 14. Nxg6 Qxg6 15.
Qg4 Qf6 16. Kg2 Nde5 17. Bxe5 Nxe5 18. Bb5+ Kd8 19. Qg3 Ng6 20. f4 Nh4+ 21. Kh2
Rh6 22. Qg5 Be7 23. Qxf6 Bxf6 24. Rae1 a6 25. e5 Be7 26. exd6 Bxd6 27. Ne4 Nf5
28. Nxd6 Nxd6 29. Ba4 b5 30. Bb3 Kd7 31. c3 Nf5 32. Bd1 g6 33. Re5 Kd6 34. Bg4
Ne7 35. Rfe1 Nd5 36. Bf3 Rah8 37. Bxd5 Rxh3+ 38. Kg2 exd5 39. Re7 Rh2+ 40. Kg3
R8h7 41. Ra7 f5 42. Rxa6+ Kd7 43. Ra7+ Kd6 44. Ra6+ Kc7 45. Ra7+ Kd6 46. Ra6+
Kc7 1/2-1/2

[Event "Ontario Closed w"]
[Site "Toronto CAN"]
[Date "2023.07.02"]
[Round "4.29"]
[White "Asilahijani, Mahsa"]
[Black "Li, Yeeshuen"]
[Result "1-0"]
[WhiteElo "1332"]
[BlackElo "1288"]
[PlyCount "81"]
[EventDate "2023.06.30"]
[EventType "swiss"]
[EventRounds "7"]
[EventCountry "CAN"]

1. e4 e5 2. Nc3 Nf6 3. f4 d5 4. fxe5 Nxe4 5. Nf3 Nxc3 6. dxc3 c6 7. Bd3 Be7 8.
O-O Qb6+ 9. Kh1 Be6 10. Nd4 c5 11. Nf5 Bxf5 12. Bxf5 g6 13. Bg4 h5 14. Bf3 d4
15. cxd4 cxd4 16. Bd5 f6 17. exf6 Bxf6 18. Rxf6 Qxf6 19. Qe1+ Kd7 20. Bxb7 Re8
21. Qd1 Qh4 22. g3 Qf6 23. Bxa8 Qf2 24. Bf4 Na6 25. Bg2 Nb4 26. Qg1 Qxg1+ 27.
Kxg1 Nxc2 28. Rc1 d3 29. Bf1 Ne1 30. Kf2 Nc2 31. Bxd3 Nb4 32. Bb5+ Kd8 33. Rd1+
Ke7 34. Re1+ Kf6 35. Rxe8 Kf5 36. a3 Nd5 37. Re5+ Kg4 38. Rxd5 Kh3 39. Bd7+
Kxh2 40. Rd1 h4 41. gxh4# 1-0

[Event "Ontario Closed w"]
[Site "Toronto CAN"]
[Date "2023.07.02"]
[Round "4.30"]
[White "Wang, Angela"]
[Black "Chen, Tiffany"]
[Result "1-0"]
[WhiteElo "699"]
[BlackElo "725"]
[PlyCount "73"]
[EventDate "2023.06.30"]
[EventType "swiss"]
[EventRounds "7"]
[EventCountry "CAN"]

1. e4 e5 2. Nf3 Nc6 3. d4 exd4 4. Bc4 Nf6 5. Bg5 Be7 6. Bxf6 Bxf6 7. O-O O-O 8.
Nbd2 Na5 9. Bd3 d5 10. e5 Bg5 11. Nxd4 Re8 12. N4f3 Bg4 13. Re1 c5 14. h3 Be6
15. c3 c4 16. Bc2 Bd7 17. Ba4 b5 18. b4 cxb3 19. Bxb3 Nxb3 20. Nxb3 f6 21. exf6
Qxf6 22. Qxd5+ Be6 23. Qxg5 Qxc3 24. Qxb5 Rab8 25. Qc5 Rxb3 26. Qxc3 Rxc3 27.
Nd4 Kf7 28. Nb5 Rc2 29. Nd6+ Kf8 30. Nxe8 Kxe8 31. Rxe6+ Kd7 32. Ra6 Rc7 33.
Rd1+ Kc8 34. Rad6 Kb8 35. Rb1+ Ka8 36. Rd8+ Rc8 37. Rxc8# 1-0

[Event "Ontario Closed w"]
[Site "Toronto CAN"]
[Date "2023.07.02"]
[Round "5.23"]
[White "Zhong, April"]
[Black "Guo, Hazel"]
[Result "0-1"]
[WhiteElo "1800"]
[BlackElo "1655"]
[PlyCount "70"]
[EventDate "2023.06.30"]
[EventType "swiss"]
[EventRounds "7"]
[EventCountry "CAN"]

1. e4 e6 2. d4 d5 3. Nd2 dxe4 4. Nxe4 Bd7 5. Nf3 Bc6 6. Bd3 Nd7 7. O-O Ngf6 8.
Qe2 g6 9. c4 Bxe4 10. Bxe4 c6 11. Bf4 Bg7 12. Bd6 Nxe4 13. Qxe4 Nf6 14. Qe5 Nh5
15. Qc5 Nf6 16. Rfe1 Nd7 17. Qb4 Qb6 18. Qd2 Bf8 19. Bxf8 Kxf8 20. Qf4 Kg7 21.
d5 cxd5 22. cxd5 Rhe8 23. Ng5 Nf6 24. dxe6 fxe6 25. Qe5 Rac8 26. Rad1 Qc6 27.
Rd6 Qa4 28. Rxe6 Rf8 29. Re7+ Kh6 30. Nf7+ Kg7 31. Nd6+ Kg8 32. Qe6+ Kh8 33.
Nxc8 Qb4 34. Rf7 Rxf7 35. Qxf7 Qxe1# 0-1

[Event "Ontario Closed w"]
[Site "Toronto CAN"]
[Date "2023.07.02"]
[Round "5.24"]
[White "Ambilwade, Ojal"]
[Black "Xie, Irene"]
[Result "1/2-1/2"]
[WhiteElo "1672"]
[BlackElo "1750"]
[PlyCount "166"]
[EventDate "2023.06.30"]
[EventType "swiss"]
[EventRounds "7"]
[EventCountry "CAN"]

1. c4 e6 2. d4 d5 3. Nc3 Nf6 4. Nf3 b6 5. e3 Bb7 6. Be2 Nbd7 7. O-O g6 8. b3
Bg7 9. Bb2 O-O 10. Rc1 Rc8 11. Ne5 dxc4 12. bxc4 Ne4 13. Nxd7 Qxd7 14. Nxe4
Bxe4 15. f3 Bb7 16. Qb3 Rfd8 17. Rfd1 Bh6 18. Rd3 Bg7 19. d5 Bxb2 20. Qxb2 exd5
21. cxd5 Ba6 22. Rdd1 Bxe2 23. Qxe2 c6 24. dxc6 Rxc6 25. Rxd7 Rxc1+ 26. Kf2
Rxd7 27. Kg3 Rdc7 28. Qd3 R1c2 29. e4 h6 30. e5 Kg7 31. Qd8 b5 32. Qf6+ Kh7 33.
Qd6 R2c6 34. Qd5 b4 35. Qa5 Rb6 36. Kf2 Rcb7 37. Qd5 b3 38. axb3 Rxb3 39. e6
fxe6 40. Qxe6 a5 41. Qa6 R3b5 42. g4 Kg7 43. Qd6 Rf7 44. Qd4+ Kh7 45. Qc4 Rbb7
46. h4 Rf6 47. h5 Rbf7 48. hxg6+ Kxg6 49. Qe4+ Kg7 50. Qe5 a4 51. f4 Kf8 52. f5
h5 53. Qb8+ Kg7 54. Qb4 hxg4 55. Qxg4+ Kf8 56. Qb4+ Kg8 57. Qg4+ Kf8 58. Qxa4
Rxf5+ 59. Ke3 Re7+ 60. Kd3 Rd5+ 61. Kc3 Rc7+ 62. Kb3 Rd3+ 63. Kb2 Rd2+ 64. Kb3
Rd3+ 65. Kb2 Rd2+ 66. Kb3 Rdd7 67. Qa8+ Ke7 68. Qe4+ Kd8 69. Qa8+ Rc8 70. Qa5+
Rcc7 71. Qa8+ Ke7 72. Qe4+ Kd6 73. Qd4+ Kc6 74. Qc4+ Kb7 75. Qb4+ Kc8 76. Qf8+
Rd8 77. Qf5+ Kb8 78. Qe4 Rb7+ 79. Kc3 Rc8+ 80. Kd3 Rd7+ 81. Ke2 Rcd8 82. Qb4+
Rb7 83. Qf4+ Kc8 1/2-1/2

[Event "Ontario Closed w"]
[Site "Toronto CAN"]
[Date "2023.07.02"]
[Round "5.25"]
[White "Chen, Shuang"]
[Black "Ruchinskaya, Valerie"]
[Result "1/2-1/2"]
[WhiteElo "1668"]
[BlackElo "1933"]
[PlyCount "107"]
[EventDate "2023.06.30"]
[EventType "swiss"]
[EventRounds "7"]
[EventCountry "CAN"]

1. e4 e6 2. d4 d5 3. exd5 exd5 4. Nf3 Bd6 5. Bd3 Ne7 6. O-O O-O 7. c3 Bf5 8.
Re1 c6 9. Qc2 Bxd3 10. Qxd3 Nd7 11. Nbd2 Qc7 12. b3 Rad8 13. Bb2 Rfe8 14. Rad1
b5 15. c4 bxc4 16. bxc4 dxc4 17. Nxc4 Bb4 18. Bc3 Bxc3 19. Qxc3 Nd5 20. Qc2 f6
21. Ne3 N7b6 22. a4 a5 23. Qc5 Qd6 24. Qxa5 Ra8 25. Qc5 Qxc5 26. dxc5 Nxe3 27.
Rxe3 Rxe3 28. fxe3 Nxa4 29. Ra1 Ra6 30. Nd4 Kf7 31. Nxc6 Rxc6 32. Rxa4 Rxc5 33.
Ra7+ Kg6 34. Kf2 Rf5+ 35. Kg3 h5 36. h4 Kh6 37. Ra8 g5 38. Rh8+ Kg6 39. hxg5
fxg5 40. Rg8+ Kh7 41. Ra8 Rf6 42. Ra5 Kg6 43. Ra8 Kf5 44. Ra5+ Kg6 45. Ra8 Re6
46. Rg8+ Kf5 47. Rf8+ Rf6 48. Ra8 h4+ 49. Kh3 Re6 50. Ra5+ Kg6 51. Kg4 Re4+ 52.
Kf3 Rb4 53. Ra6+ Kh5 54. Ra5 1/2-1/2

[Event "Ontario Closed w"]
[Site "Toronto CAN"]
[Date "2023.07.02"]
[Round "5.26"]
[White "Jiang, Hancy"]
[Black "Liu, Lily"]
[Result "1-0"]
[WhiteElo "1870"]
[BlackElo "1058"]
[PlyCount "63"]
[EventDate "2023.06.30"]
[EventType "swiss"]
[EventRounds "7"]
[EventCountry "CAN"]

1. d4 d5 2. Nf3 Nf6 3. c4 e6 4. g3 Nbd7 5. Bg2 c5 6. O-O Be7 7. Nc3 cxd4 8.
Nxd4 Nb6 9. cxd5 Nbxd5 10. Qb3 Nxc3 11. bxc3 O-O 12. Rd1 Qb6 13. Qxb6 axb6 14.
Nb5 Rb8 15. Bf4 Ra8 16. Bc7 Ra5 17. c4 Bd7 18. Bxb6 Ra6 19. Be3 Bxb5 20. cxb5
Ra5 21. a4 Rc8 22. Bb6 Nd5 23. Bxa5 b6 24. Bxd5 bxa5 25. Rac1 Rb8 26. Bf3 Kf8
27. Rd7 Ke8 28. Rcc7 Bd8 29. Rb7 Ra8 30. Rxf7 Bf6 31. Bc6+ Kd8 32. Rf8# 1-0

[Event "Ontario Closed w"]
[Site "Toronto CAN"]
[Date "2023.07.02"]
[Round "5.27"]
[White "Li, Sarina"]
[Black "Qian, Ashley"]
[Result "0-1"]
[WhiteElo "1005"]
[BlackElo "1725"]
[PlyCount "184"]
[EventDate "2023.06.30"]
[EventType "swiss"]
[EventRounds "7"]
[EventCountry "CAN"]

1. e4 c5 2. Nf3 d6 3. Bc4 Nf6 4. Nc3 a6 5. h3 e6 6. O-O Be7 7. Re1 O-O 8. d4
cxd4 9. Nxd4 Qc7 10. Bb3 Nc6 11. Nxc6 Qxc6 12. f3 Rd8 13. Qe2 Nd7 14. a3 Bf6
15. Be3 Bxc3 16. bxc3 Qxc3 17. Rad1 Qc7 18. Qf2 b5 19. Qg3 Nf8 20. f4 Kh8 21.
Rd4 Bb7 22. a4 Bc6 23. axb5 axb5 24. Red1 Rd7 25. f5 e5 26. Rb4 f6 27. Qf2 Ra6
28. Rd3 Qb7 29. Bd5 Bxd5 30. Rxd5 Qc6 31. Rbxb5 Rd8 32. Rbc5 Qa4 33. Rc7 Qxe4
34. Rd3 d5 35. Qg3 Nd7 36. Bc5 Qxf5 37. Rb3 g5 38. Be7 Re8 39. Rf3 Qe6 40. Rxd7
Rxe7 41. Rxe7 Qxe7 42. Rc3 Kg7 43. Qd3 Rd6 44. g4 Qa7+ 45. Kg2 Qb7 46. Kf2 Rd7
47. Rb3 Qc6 48. Rc3 Qa4 49. Ra3 Qf4+ 50. Ke1 Qe4+ 51. Qxe4 dxe4 52. c4 Rc7 53.
Rc3 Kg6 54. Ke2 f5 55. gxf5+ Kxf5 56. Ke3 Rc5 57. Rc2 h5 58. Rf2+ Ke6 59. Rc2
Rc6 60. Kxe4 Rd6 61. Ke3 Rd4 62. c5 Kd7 63. c6+ Kc7 64. Rc5 Rh4 65. Rxe5 Rxh3+
66. Kd4 g4 67. Rg5 Kxc6 68. Ke4 Kd6 69. Kf5 Kd5 70. Kf4+ Kc4 71. Re5 Kd3 72.
Re1 Kd2 73. Re4 Rf3+ 74. Kg5 Re3 75. Rf4 Re5+ 76. Kh4 Ke3 77. Kg3 Ke2 78. Kh4
Re3 79. Kxh5 g3 80. Rg4 Kf2 81. Kh4 g2 82. Rf4+ Rf3 83. Rg4 g1=Q 84. Rxg1 Kxg1
85. Kg4 Kg2 86. Kg5 Kg3 87. Kh5 Rf5+ 88. Kg6 Kg4 89. Kh6 Rg5 90. Kh7 Kf5 91.
Kh6 Kf6 92. Kh7 Rg6 0-1

[Event "Ontario Closed w"]
[Site "Toronto CAN"]
[Date "2023.07.02"]
[Round "5.28"]
[White "Yang, Lucy"]
[Black "Wang, Angela"]
[Result "1-0"]
[WhiteElo "1384"]
[BlackElo "699"]
[PlyCount "73"]
[EventDate "2023.06.30"]
[EventType "swiss"]
[EventRounds "7"]
[EventCountry "CAN"]

1. e4 e5 2. Nf3 Nc6 3. Bb5 d6 4. c3 Bg4 5. h3 Bh5 6. d3 Nf6 7. Be3 Be7 8. Nbd2
a6 9. Ba4 O-O 10. g4 Bg6 11. h4 h5 12. gxh5 Nxh5 13. Nf1 d5 14. Bxc6 bxc6 15.
Nxe5 Qd6 16. Nxg6 Qxg6 17. Qf3 dxe4 18. Qxe4 Qxe4 19. dxe4 Rab8 20. O-O-O Nf6
21. f3 Rb7 22. Ng3 g6 23. h5 Bd6 24. Rdg1 Nd7 25. f4 Rb5 26. e5 Be7 27. Nf5 Bc5
28. Bxc5 Rxc5 29. hxg6 fxg6 30. Rxg6+ Kf7 31. Rg7+ Ke8 32. Nd4 Rf7 33. Rxf7
Kxf7 34. e6+ Ke7 35. Rh7+ Kd8 36. exd7 Rd5 37. Ne6# 1-0

[Event "Ontario Closed w"]
[Site "Toronto CAN"]
[Date "2023.07.02"]
[Round "5.29"]
[White "Roque, Alexa"]
[Black "Asilahijani, Mahsa"]
[Result "0-1"]
[WhiteElo "930"]
[BlackElo "1332"]
[PlyCount "74"]
[EventDate "2023.06.30"]
[EventType "swiss"]
[EventRounds "7"]
[EventCountry "CAN"]

1. d4 Nf6 2. c4 g6 3. Nc3 Bg7 4. e4 d6 5. Be2 O-O 6. Be3 e5 7. d5 Nbd7 8. f3
Ne8 9. Qd2 f5 10. Bh6 Qh4+ 11. g3 Qxh6 12. Qc2 fxe4 13. fxe4 a5 14. Nf3 Nc5 15.
a4 Bg4 16. Rf1 Qe3 17. Qd2 Qxd2+ 18. Nxd2 Bxe2 19. Rxf8+ Bxf8 20. Kxe2 Bh6 21.
Rf1 Kg7 22. Re1 Nf6 23. Kd1 Nfd7 24. Rf1 Nb6 25. Nb5 Bxd2 26. Kxd2 Nxe4+ 27.
Kd3 Nc5+ 28. Kc2 Rf8 29. Re1 Rf2+ 30. Kb1 Nxc4 31. Re3 Nxe3 32. Nxc7 Nxa4 33.
Ne6+ Kg8 34. h4 Rxb2+ 35. Kc1 Rc2+ 36. Kb1 Nc3+ 37. Ka1 Ra2# 0-1

[Event "Ontario Closed w"]
[Site "Toronto CAN"]
[Date "2023.07.02"]
[Round "5.30"]
[White "Li, Yeeshuen"]
[Black "Deepak, Laksshana"]
[Result "0-1"]
[WhiteElo "1288"]
[BlackElo "1660"]
[PlyCount "96"]
[EventDate "2023.06.30"]
[EventType "swiss"]
[EventRounds "7"]
[EventCountry "CAN"]

1. e4 c5 2. Nc3 d6 3. d3 e6 4. g3 Be7 5. Bg2 Nf6 6. f4 Nbd7 7. Nf3 O-O 8. O-O
Rb8 9. d4 cxd4 10. Nxd4 a6 11. g4 e5 12. Nf5 Nb6 13. Nxe7+ Qxe7 14. f5 d5 15.
exd5 Qc5+ 16. Kh1 Rd8 17. Qe2 Re8 18. Be3 Qb4 19. Qd2 Nc4 20. Qf2 Nxe3 21. Qxe3
Qxg4 22. Bh3 Qd4 23. Qg3 Qb4 24. Rae1 Qd6 25. Rg1 g6 26. fxg6 fxg6 27. Bg2 Bf5
28. Re2 b5 29. Rd1 Nh5 30. Qf2 Nf4 31. Ree1 Rf8 32. Qd2 Bg4 33. Rc1 Nxg2 34.
Kxg2 Bf3+ 35. Kg1 Rf4 36. Qe3 Rg4+ 37. Kf2 Rf8 38. Rg1 e4 39. Rxg4 Qxh2+ 40.
Ke1 Bxg4 41. Nxe4 Rf3 42. Qe2 Qh6 43. Qxf3 Qxc1+ 44. Kf2 Qxc2+ 45. Ke3 Bxf3 46.
Nf6+ Kf7 47. d6 Kxf6 48. Kd4 Kf5 0-1

[Event "Ontario Closed w"]
[Site "Toronto CAN"]
[Date "2023.07.02"]
[Round "5.31"]
[White "Chen, Tiffany"]
[Black "Shtepa, Liubov"]
[Result "0-1"]
[WhiteElo "725"]
[BlackElo "1025"]
[PlyCount "88"]
[EventDate "2023.06.30"]
[EventType "swiss"]
[EventRounds "7"]
[EventCountry "CAN"]

1. e4 e5 2. Nf3 Nc6 3. Bc4 Bc5 4. d3 d6 5. c3 Bg4 6. h3 Bh5 7. g4 Bg6 8. Nh4
Nge7 9. Nxg6 Nxg6 10. Bd2 Qf6 11. Qe2 O-O-O 12. Be3 Bxe3 13. Qxe3 Nf4 14. Qg3
Rhf8 15. Na3 a6 16. O-O-O Ne2+ 17. Kb1 Nxg3 18. fxg3 Na5 19. Rhf1 Qe7 20. Rf3
Nxc4 21. Nxc4 d5 22. exd5 Rxd5 23. Re3 f6 24. d4 Qd7 25. Re4 b5 26. Ne3 Rd6 27.
Nf5 Rb6 28. Kc1 Rd8 29. Ree1 Re6 30. dxe5 Qf7 31. Rxd8+ Kxd8 32. Rd1+ Kc8 33.
exf6 Qxf6 34. Rf1 Kb8 35. h4 g6 36. Ne3 Qe7 37. Nd5 Re1+ 38. Rxe1 Qxe1+ 39. Kc2
Qe4+ 40. Kc1 Qxd5 41. Kc2 Qg2+ 42. Kb3 Qxg3 43. a4 bxa4+ 44. Kxa4 Qxg4+ 0-1

[Event "Ontario Closed w"]
[Site "Toronto CAN"]
[Date "2023.07.03"]
[Round "6.23"]
[White "Guo, Hazel"]
[Black "Ambilwade, Ojal"]
[Result "1/2-1/2"]
[WhiteElo "1655"]
[BlackElo "1672"]
[PlyCount "73"]
[EventDate "2023.06.30"]
[EventType "swiss"]
[EventRounds "7"]
[EventCountry "CAN"]

1. e4 c6 2. Nc3 d5 3. Nf3 dxe4 4. Nxe4 Nf6 5. Qe2 Nxe4 6. Qxe4 Nd7 7. Bc4 Nf6
8. Ne5 e6 9. Qe2 Bd6 10. d4 O-O 11. O-O Qc7 12. Bb3 b6 13. Bg5 Nd5 14. c4 Ba6
15. Bd2 Ne7 16. Bc2 Bxe5 17. dxe5 Ng6 18. Bc3 Rfd8 19. b3 c5 20. f4 Bb7 21. Be4
Bxe4 22. Qxe4 Rac8 23. Rad1 h6 24. g3 Rxd1 25. Rxd1 Rd8 26. Rxd8+ Qxd8 27. Qf3
Ne7 28. g4 Qd7 29. Kf2 Nc6 30. Qe4 Ne7 31. Qa8+ Kh7 32. Qe4+ g6 33. Ke2 Kg7 34.
Qe3 Kh7 35. Qe4 Nc6 36. Ke3 Ne7 37. Ke2 1/2-1/2

[Event "Ontario Closed w"]
[Site "Toronto CAN"]
[Date "2023.07.03"]
[Round "6.24"]
[White "Qian, Ashley"]
[Black "Zhong, April"]
[Result "1/2-1/2"]
[WhiteElo "1725"]
[BlackElo "1800"]
[PlyCount "111"]
[EventDate "2023.06.30"]
[EventType "swiss"]
[EventRounds "7"]
[EventCountry "CAN"]

1. e4 e6 2. d4 d5 3. Nd2 c5 4. exd5 Qxd5 5. Ngf3 cxd4 6. Bc4 Qd6 7. O-O Nf6 8.
Nb3 Nc6 9. Nbxd4 Nxd4 10. Nxd4 Be7 11. c3 O-O 12. h3 Qc7 13. Qe2 a6 14. a4 e5
15. Nf3 Bd6 16. Bg5 Qe7 17. Rfe1 Re8 18. Bb3 Bd7 19. Rad1 Bc6 20. Bc2 e4 21.
Bxf6 Qxf6 22. Nd2 e3 23. fxe3 Bc5 24. Nf1 Qg5 25. Qg4 Qh6 26. Qf5 Bxe3+ 27.
Nxe3 Rxe3 28. Qxh7+ Kf8 29. Qxh6 Rxe1+ 30. Rxe1 gxh6 31. Kf2 Rd8 32. Rd1 Re8
33. g4 Kg7 34. Rd6 Re5 35. b3 h5 36. Bf5 hxg4 37. hxg4 Bd5 38. c4 Bc6 39. Bd3
Bh1 40. b4 Kf8 41. Bf5 Bc6 42. b5 Ke7 43. Rd3 axb5 44. axb5 Be8 45. Rd1 f6 46.
Rc1 Kd6 47. Kf3 Kc5 48. Be4 b6 49. Bd5 Bd7 50. Kf4 Rg5 51. Bf3 Be6 52. Be2 Re5
53. Bd3 Bf7 54. Bb1 Be6 55. Bf5 Bf7 56. Rd1 1/2-1/2

[Event "Ontario Closed w"]
[Site "Toronto CAN"]
[Date "2023.07.03"]
[Round "6.25"]
[White "Ruchinskaya, Valerie"]
[Black "Jiang, Hancy"]
[Result "0-1"]
[WhiteElo "1933"]
[BlackElo "1870"]
[PlyCount "68"]
[EventDate "2023.06.30"]
[EventType "swiss"]
[EventRounds "7"]
[EventCountry "CAN"]

1. d4 Nf6 2. c4 g6 3. Nc3 Bg7 4. e4 O-O 5. Be2 Nc6 6. Be3 d6 7. d5 Nb8 8. Qd2
e6 9. O-O-O exd5 10. exd5 Ng4 11. Bxg4 Bxg4 12. f3 Bd7 13. g4 c6 14. Bf4 b5 15.
Bxd6 Re8 16. Bc5 Qa5 17. cxb5 cxb5 18. Bd4 f6 19. Kb1 b4 20. Ne4 Qxd5 21. h3
Rxe4 22. fxe4 Qxe4+ 23. Qc2 Qxh1 24. Qb3+ Kh8 25. Nf3 Qg2 26. Qd5 Qe2 27. Re1
Qd3+ 28. Kc1 Nc6 29. Ng5 h6 30. Nf7+ Kh7 31. Rd1 Qe2 32. Qxd7 Ne7 33. Nd6 h5
34. gxh5 Bh6+ 0-1

[Event "Ontario Closed w"]
[Site "Toronto CAN"]
[Date "2023.07.03"]
[Round "6.26"]
[White "Xie, Irene"]
[Black "Deepak, Laksshana"]
[Result "1/2-1/2"]
[WhiteElo "1750"]
[BlackElo "1660"]
[PlyCount "186"]
[EventDate "2023.06.30"]
[EventType "swiss"]
[EventRounds "7"]
[EventCountry "CAN"]

1. e4 c5 2. Nf3 a6 3. g3 Nc6 4. Bg2 e5 5. c4 Nf6 6. Nc3 d6 7. d3 h6 8. h3 Be6
9. Nd5 Bxd5 10. exd5 Ne7 11. Nd2 Nf5 12. b3 Be7 13. Bb2 O-O 14. O-O Re8 15. Ne4
Rb8 16. Bc1 Nxe4 17. dxe4 Nd4 18. f4 exf4 19. Bxf4 Bg5 20. Re1 Bxf4 21. gxf4
Qh4 22. Qg4 Qxg4 23. hxg4 Nc2 24. Kf2 Nxa1 25. Rxa1 b5 26. Rc1 f6 27. Kf3 Kf7
28. Bf1 Ke7 29. Bd3 Kd8 30. Rg1 Kc7 31. g5 hxg5 32. fxg5 fxg5 33. Rxg5 Re7 34.
Rg6 Rf8+ 35. Ke3 b4 36. Be2 Rf6 37. Rg5 g6 38. Kd3 Re5 39. Rg3 g5 40. Bg4 Rf1
41. Bf5 Rf2 42. Rxg5 Re7 43. Bg4 Rxa2 44. Bd1 Rh7 45. Rh5 Rg7 46. e5 dxe5 47.
Rxe5 Rg1 48. Bh5 Rb2 49. Re7+ Kd8 50. Re8+ Kd7 51. Rh8 Rxb3+ 52. Ke4 Rg7 53.
Rh6 Re7+ 54. Kf4 Ra3 55. Bg4+ Ke8 56. d6 Rf7+ 57. Ke4 Rf8 58. Rh7 Rg3 59. Be6
Rg6 60. Ke5 Rxe6+ 61. Kxe6 Rg8 62. Ra7 Rg6+ 63. Kd5 b3 64. Rxa6 Kd7 65. Kxc5
Rg5+ 66. Kd4 b2 67. Rb6 b1=Q 68. Rxb1 Kxd6 69. Rb6+ Kc7 70. Rh6 Rg1 71. Kc5 Rc1
72. Rh7+ Kc8 73. Rh8+ Kc7 74. Rh7+ Kc8 75. Kb5 Rc2 76. c5 Rc1 77. Kb6 Rc2 78.
Rh8+ Kd7 79. Rh7+ Kc8 80. Rh8+ Kd7 81. Rh7+ Kc8 82. Kc6 Kb8 83. Rb7+ Kc8 84.
Rb5 Rc1 85. Kb6 Kd7 86. Rb4 Rc2 87. Rd4+ Kc8 88. c6 Rb2+ 89. Kc5 Rc2+ 90. Kd6
Rc1 91. Rd5 Rc2 92. Rc5 Rxc5 93. Kxc5 Kc7 1/2-1/2

[Event "Ontario Closed w"]
[Site "Toronto CAN"]
[Date "2023.07.03"]
[Round "6.27"]
[White "Asilahijani, Mahsa"]
[Black "Chen, Shuang"]
[Result "0-1"]
[WhiteElo "1332"]
[BlackElo "1668"]
[PlyCount "94"]
[EventDate "2023.06.30"]
[EventType "swiss"]
[EventRounds "7"]
[EventCountry "CAN"]

1. e4 c5 2. Nc3 Nc6 3. f4 g6 4. Nf3 Bg7 5. Bb5 a6 6. Bxc6 dxc6 7. O-O Nf6 8. d3
O-O 9. Be3 b6 10. Qe1 Qc7 11. Nh4 Bb7 12. f5 Ng4 13. Bf4 Bd4+ 14. Kh1 Qd8 15.
h3 e5 16. hxg4 exf4 17. Nf3 g5 18. Nxd4 cxd4 19. Ne2 c5 20. g3 fxg3 21. Qxg3
Re8 22. Kh2 Qf6 23. Rae1 Kg7 24. Qc7 Re7 25. Qg3 Rh8 26. Ng1 h5 27. Kg2 hxg4
28. Qxg4 Rh4 29. Qg3 Re8 30. Nf3 Rh5 31. Rh1 Reh8 32. Rxh5 Rxh5 33. Qg4 Qh6 34.
e5 Rh2+ 35. Kg3 Bxf3 36. Kxf3 Rxc2 37. e6 fxe6 38. fxe6 Qf6+ 39. Ke4 Rf2 40.
Kd5 Qd8+ 41. Kc6 Qc8+ 42. Kd5 Qa8+ 43. Kc4 Qd8 44. e7 b5+ 45. Kxc5 Qc7+ 46. Kb4
Rxb2+ 47. Ka3 Qc3# 0-1

[Event "Ontario Closed w"]
[Site "Toronto CAN"]
[Date "2023.07.03"]
[Round "6.28"]
[White "Shtepa, Liubov"]
[Black "Yang, Lucy"]
[Result "0-1"]
[WhiteElo "1025"]
[BlackElo "1384"]
[PlyCount "96"]
[EventDate "2023.06.30"]
[EventType "swiss"]
[EventRounds "7"]
[EventCountry "CAN"]

1. e4 c5 2. Nc3 Nc6 3. d3 e6 4. g3 Nf6 5. Bg2 d6 6. f4 d5 7. exd5 exd5 8. Nf3
Be7 9. O-O O-O 10. Re1 Be6 11. h3 Qb6 12. Ne5 c4+ 13. Kh2 Bb4 14. Nxc6 Qxc6 15.
Qd2 Qb6 16. d4 Rfe8 17. a3 Ba5 18. b4 cxb3 19. cxb3 Qxb3 20. Bb2 Rac8 21. Rac1
Bxc3 22. Rxc3 Rxc3 23. Qxc3 Qxc3 24. Bxc3 Rc8 25. Rc1 Bf5 26. Bd2 Rxc1 27. Bxc1
Be4 28. Bb2 Bxg2 29. Kxg2 Ne4 30. g4 a6 31. Kf3 b5 32. h4 g6 33. Ke2 Kf8 34.
Kd3 a5 35. Kc2 Ke7 36. Bc1 h5 37. gxh5 gxh5 38. Be3 a4 39. Kb2 Kf6 40. Kc2 Kf5
41. Kb2 Kg4 42. Kc2 Kxh4 43. Kd3 f5 44. Kc2 Kg3 45. Kd3 h4 46. Ke2 h3 47. Kd3
h2 48. Kc2 h1=Q 0-1

[Event "Ontario Closed w"]
[Site "Toronto CAN"]
[Date "2023.07.03"]
[Round "6.29"]
[White "Liu, Lily"]
[Black "Li, Sarina"]
[Result "1/2-1/2"]
[WhiteElo "1058"]
[BlackElo "1005"]
[PlyCount "100"]
[EventDate "2023.06.30"]
[EventType "swiss"]
[EventRounds "7"]
[EventCountry "CAN"]

1. e4 c5 2. Nf3 d6 3. Bb5+ Bd7 4. Bxd7+ Nxd7 5. d4 g6 6. Be3 Qb6 7. b3 Bg7 8.
c3 e6 9. O-O Ne7 10. d5 exd5 11. exd5 Nf6 12. Re1 Nexd5 13. Qxd5 Nxd5 14. Bxc5+
Kd7 15. Bxb6 Nxb6 16. Nd4 Rhe8 17. Nd2 Rac8 18. Rxe8 Kxe8 19. Nb5 Kd7 20. Nxa7
Rxc3 21. Rd1 Rd3 22. Kf1 Bc3 23. Ke2 Rxd2+ 24. Rxd2 Bxd2 25. Kxd2 d5 26. Kd3
Kd6 27. Kd4 Nd7 28. Nc8+ Ke6 29. a4 Nb8 30. Na7 Na6 31. Nb5 f5 32. g3 g5 33. h3
h5 34. f3 g4 35. fxg4 hxg4 36. hxg4 fxg4 37. Nc3 Nb4 38. Nd1 Nc6+ 39. Kc5 Ke5
40. Nf2 d4 41. Kb6 Kd5 42. Nxg4 d3 43. Kxb7 Na5+ 44. Kb6 Nxb3 45. Kb5 Kd4 46.
Kb4 Nc5 47. a5 d2 48. Nf2 Ke3 49. Nd1+ Ke2 50. Nc3+ Kd3 1/2-1/2

[Event "Ontario Closed w"]
[Site "Toronto CAN"]
[Date "2023.07.03"]
[Round "6.30"]
[White "Wang, Angela"]
[Black "Roque, Alexa"]
[Result "1-0"]
[WhiteElo "699"]
[BlackElo "930"]
[PlyCount "207"]
[EventDate "2023.06.30"]
[EventType "swiss"]
[EventRounds "7"]
[EventCountry "CAN"]

1. e4 c6 2. d4 d5 3. exd5 cxd5 4. Nf3 Nc6 5. Nc3 Nf6 6. Be3 Bg4 7. Bb5 e6 8. h3
Bh5 9. O-O Bd6 10. Bg5 a6 11. Be2 h6 12. Be3 O-O 13. Nb1 Qb6 14. b3 Ne4 15. c4
Qc7 16. c5 Bf4 17. Qc1 Bxe3 18. Qxe3 Nb4 19. Rc1 Bg6 20. Nbd2 Nxd2 21. Qxd2 Nc6
22. a4 a5 23. Bb5 Rfc8 24. Bxc6 bxc6 25. b4 Rcb8 26. bxa5 f6 27. Qe3 Bf7 28.
Rcb1 Rxb1+ 29. Rxb1 Rxa5 30. Ra1 Qa7 31. Qa3 Bg6 32. Qa2 Bd3 33. Nd2 Bb5 34.
Re1 Rxa4 35. Qb2 Kf7 36. Nf3 Qd7 37. Qd2 Ra3 38. Qf4 Kg8 39. Qg4 Kf7 40. Qf4
Qe7 41. Ne5+ Ke8 42. Ng6 Qf7 43. Qb8+ Kd7 44. Qd6+ Kc8 45. Rxe6 Ra7 46. Ne7+
Kb7 47. Qd7+ Ka6 48. Qd8 Rb7 49. Re1 Ba4 50. Nxc6 Qc7 51. Qa8+ Kb5 52. Rb1+ Kc4
53. Qxa4+ Kc3 54. Rxb7 Qxb7 55. Na5 Qb1+ 56. Kh2 Qc1 57. Qb3+ Kxd4 58. c6 Ke5
59. Qg3+ Ke6 60. c7 Kd7 61. Qxg7+ Kc8 62. Qf8+ Kxc7 63. Qxf6 Qd2 64. Qc6+ Kd8
65. Nb7+ Ke7 66. Qd6+ Kf7 67. Nd8+ Ke8 68. Nc6 Qg5 69. Qe5+ Kd7 70. Qxg5 hxg5
71. Nd4 Kd6 72. Kg3 Ke5 73. Ne2 Kf5 74. Kf3 Ke5 75. g3 Kf5 76. h4 g4+ 77. Ke3
Ke5 78. h5 Kf5 79. Nf4 d4+ 80. Kxd4 Kg5 81. Ke4 Kh6 82. Kf5 Kg7 83. Kxg4 Kh6
84. Nd5 Kg7 85. f4 Kh6 86. f5 Kh7 87. f6 Kh6 88. Kf5 Kh7 89. g4 Kg8 90. Ke6 Kf8
91. f7 Kg7 92. Ke7 Kh7 93. Nf4 Kh6 94. f8=Q+ Kg5 95. Qf5+ Kh4 96. Ke6 Kg3 97.
Ne2+ Kg2 98. Ke5 Kh3 99. Qf4 Kg2 100. Qg3+ Kf1 101. Qh2 Ke1 102. Nd4 Kf1 103.
Ke4 Ke1 104. Qe2# 1-0

[Event "Ontario Closed w"]
[Site "Toronto CAN"]
[Date "2023.07.03"]
[Round "7.23"]
[White "Chen, Shuang"]
[Black "Guo, Hazel"]
[Result "0-1"]
[WhiteElo "1668"]
[BlackElo "1655"]
[PlyCount "66"]
[EventDate "2023.06.30"]
[EventType "swiss"]
[EventRounds "7"]
[EventCountry "CAN"]

1. e4 e6 2. d4 d5 3. exd5 exd5 4. Nf3 Bg4 5. Bd3 Nf6 6. Bg5 Bd6 7. O-O O-O 8.
c3 c6 9. Nbd2 Nbd7 10. Qc2 Re8 11. c4 h6 12. Bh4 Qc7 13. Rac1 Bf4 14. Bg3 Bxg3
15. fxg3 Qb6 16. c5 Qc7 17. Nh4 Be2 18. Bxe2 Rxe2 19. Rce1 Rae8 20. Qd1 Rxe1
21. Rxe1 Rxe1+ 22. Qxe1 Qa5 23. Ndf3 Qxa2 24. Qb4 Qa1+ 25. Kf2 Qd1 26. Qe1 Qc2+
27. Qe2 Ne4+ 28. Kf1 Qc1+ 29. Ne1 Ndf6 30. Qc2 Qe3 31. Nef3 Ng4 32. Nf5 Nxh2+
33. Nxh2 Nd2+ 0-1